000 00629nam a22001577a 4500
003 OSt
005 20151002094409.0
008 151002b xxu||||| |||| 00| 0 eng d
040 _cRUA
082 _aAVM កែវ 1989 B065 Or.1
100 _91718
_aកែវ ធីរ៉ា
245 _aជំងឺរលាកក្រពះ ពោះវៀននៃកូនជ្រូក និង​ការព្យាបាលដោយទ្រីមេរ៉ាហ្សីននៅក្នុងមណ្ឌលចិញ្ចឹមសត្វ
260 _aPhnom Penh
_bRUA
_c1989
300 _a83p.
_bill.
_c29cm.
942 _2ddc
_cAVM
999 _c1621
_d1621